| 000 | 00000nam##2200000za#4500 |
| 001 | 9.569176 |
| 003 | CaOODSP |
| 005 | 20210624181636 |
| 007 | cr ||||||||||| |
| 008 | 150406|1999||||xxc|||||o f|0| 0 eng|d |
| 040 | |aCaOODSP|beng |
| 043 | |an-cn--- |
| 086 | 1 |aBT31-4/43-1999E-PDF |
| 110 | 1 |aCanada. |bTreasury Board. |
| 245 | 10|aHuman Resources Development Canada, performance report for the period ending March 31, 1999 |h[electronic resource] |
| 260 | |aOttawa - Ontario : |bTreasury Board of Canada Secretariat |cc1999. |
| 300 | |a74p.|bgraph, organization chart, tables, index |
| 490 | 1 |aPerformance report for the period ending March 31, 1999 |vFor the period ending March 31, 1999 |
| 500 | |aThe catalogue number (BT31-4/43-1999) and ISBN (0-660-61055-8) for the bilingual print edition have been incorrectly copied in this electronic publication. |
| 590 | |a11-05-Supp|b2011-03-15 |
| 775 | 08|tDéveloppement des ressources humaines Canada, rapport sur le rendement pour la période se terminant le 31 mars 1999 |w(CaOODSP)9.600413 |
| 776 | 0#|tHuman Resources Development Canada |w(CaOODSP)9.532486 |
| 776 | 0#|tDéveloppement des ressources humaines Canada |w(CaOODSP)9.532487 |
| 830 | #0|aPerformance report for the period ending March 31, 1999 ;|vFor the period ending March 31, 1999|w(CaOODSP)9.506261 |
| 856 | 40|ahttp://publications.gc.ca|qPDF|s1.76 MB|uhttps://publications.gc.ca/collections/Collection/BT31-4-43-1999E.pdf|yFor the period ending March 31, 1999 |